E-tendering (Record no. 112109)
[ view plain ]
| 000 -LEADER | |
|---|---|
| fixed length control field | 02684cam a22003615a 4500 |
| 001 - CONTROL NUMBER | |
| control field | E152556 |
| 005 - DATE AND TIME OF LATEST TRANSACTION | |
| control field | 20250929140726.0 |
| 008 - FIXED-LENGTH DATA ELEMENTS--GENERAL INFORMATION | |
| fixed length control field | 110328s2010 xxk 000 0 eng u |
| 020 ## - INTERNATIONAL STANDARD BOOK NUMBER | |
| International Standard Book Number | 9781842195635 |
| 035 ## - SYSTEM CONTROL NUMBER | |
| System control number | (Sirsi) u152556 |
| 041 0# - LANGUAGE CODE | |
| Language code of text/sound track or separate title | eng |
| 050 04 - LIBRARY OF CONGRESS CALL NUMBER | |
| Classification number | 658.404 $2 18 |
| 110 2# - MAIN ENTRY--CORPORATE NAME | |
| Corporate name or jurisdiction name as entry element | Royal Institution of Chartered Surveyors |
| 9 (RLIN) | 4900 |
| 245 00 - TITLE STATEMENT | |
| Title | E-tendering |
| Remainder of title | RICS guidance note |
| 250 ## - EDITION STATEMENT | |
| Edition statement | 2nd ed. |
| 260 ## - PUBLICATION, DISTRIBUTION, ETC. | |
| Place of publication, distribution, etc. | Coventry |
| Name of publisher, distributor, etc. | RICS Books |
| Date of publication, distribution, etc. | 2010 |
| 300 ## - PHYSICAL DESCRIPTION | |
| Extent | viii, 40p. |
| Dimensions | 30cm. |
| 490 ## - SERIES STATEMENT | |
| Series statement | RICS Guidance Note |
| Volume/sequential designation | GN 22/2010 |
| 490 ## - SERIES STATEMENT | |
| Series statement | RICS Practice Information |
| 490 #0 - SERIES STATEMENT | |
| Series statement | RICS Black Book |
| 520 ## - SUMMARY, ETC. | |
| Summary, etc. | Looks at the complete process of e-tendering from the initial enquiry through to tender acceptance and withdrawal. Considers perceived barriers to e-tendering and examines the benefits and problems associated with different electronic formats. Fully updated to take account of the groeth of e-tendering and the introduction of the RICS e-terndering system. Includes a glossary, sample materials, checklists and sources of further information. |
| 520 ## - SUMMARY, ETC. | |
| Summary, etc. | This document was reissued in September 2025 as practice information. It had previously been published in December 2010 as a guidance note. The regulatory requirements remain the same and no material changes have been made to the document, except for removal of references to the RICS eTendering system, which is no longer available. For more information on the document category changes, see Upholding professional standards.<br/><br/>Care has been taken not to update the technical content of the material because of the considerable extent of change that has taken place in the 15 years since the original publication in 2010. This also includes leaving unchanged references to bodies or organisations that no longer exist and/or have changed their name.<br/><br/>As this practice information is part of the RICS Quantity Surveying & Construction Standards (the Black Book), it will be comprehensively updated as part of the 2025/2026 Black Book review. |
| 520 ## - SUMMARY, ETC. | |
| Summary, etc. | Supersedes first edition (ISBN 1842192345). |
| 590 ## - LOCAL NOTE (RLIN) | |
| Local note | KA |
| 650 24 - SUBJECT ADDED ENTRY--TOPICAL TERM | |
| Topical term or geographic name entry element | RICS BLACK BOOK |
| 650 24 - SUBJECT ADDED ENTRY--TOPICAL TERM | |
| Topical term or geographic name entry element | RICS QS AND CONSTRUCTION STANDARDS |
| 651 #4 - SUBJECT ADDED ENTRY--GEOGRAPHIC NAME | |
| Geographic name | United Kingdom |
| 690 ## - LOCAL SUBJECT ADDED ENTRY--TOPICAL TERM (OCLC, RLIN) | |
| Topical term or geographic name as entry element | Procurement |
| 9 (RLIN) | 6260 |
| 856 41 - ELECTRONIC LOCATION AND ACCESS | |
| Uniform Resource Identifier | <a href="https://www.rics.org/uk/upholding-professional-standards/sector-standards/construction/black-book/e-tendering/">https://www.rics.org/uk/upholding-professional-standards/sector-standards/construction/black-book/e-tendering/</a> |
| Public note | Overview on RICS.org |
| 856 41 - ELECTRONIC LOCATION AND ACCESS | |
| Uniform Resource Identifier | <a href="https://www.rics.org/content/dam/ricsglobal/documents/standards/etendering_2nd_edition_rics.pdf">https://www.rics.org/content/dam/ricsglobal/documents/standards/etendering_2nd_edition_rics.pdf</a> |
| Public note | 2010 version |
| 856 41 - ELECTRONIC LOCATION AND ACCESS | |
| Uniform Resource Identifier | <a href="https://www.rics.org/content/dam/ricsglobal/documents/standards/E-tendering_2nd-edition.pdf">https://www.rics.org/content/dam/ricsglobal/documents/standards/E-tendering_2nd-edition.pdf</a> |
| Public note | Practice Information PDF |
| 942 ## - ADDED ENTRY ELEMENTS (KOHA) | |
| Suppress in OPAC | 0 |
| Source of classification or shelving scheme | Dewey Decimal Classification |
| Withdrawn status | Lost status | Source of classification or shelving scheme | Damaged status | Not for loan | Home library | Current library | Shelving location | Date acquired | Total Checkouts | Full call number | Barcode | Date last seen | Copy number | Price effective from | Koha item type |
|---|---|---|---|---|---|---|---|---|---|---|---|---|---|---|---|
| Dewey Decimal Classification | London | London | RICS Boxes | 28/03/2011 | RICS 2010/25 | 30075635 | 06/08/2019 | 1 | 06/08/2019 | Book | |||||
| Dewey Decimal Classification | London | London | RICS Boxes | 06/06/2011 | RICS 2010/25 | 30075669 | 06/08/2019 | 2 | 06/08/2019 | Archive | |||||
| Dewey Decimal Classification | London | London | RICS Boxes | 06/06/2011 | RICS 2010/25 | 30075668 | 06/08/2019 | 3 | 06/08/2019 | Book | |||||
| Dewey Decimal Classification | Virtual | Virtual | Online | 02/08/2017 | ONLINE PUBLICATION | 152556-4001 | 06/08/2019 | 1 | 06/08/2019 | Book |